000 05140nam a22004697a 4500
005 20081117102341.0
008 081117t xxu||||| |||| 00| 0 eng d
010 _aB-274279-298
020 _a9788189866259
_c245.00
035 _aB-274279-298
037 _aI.K. / 2008/CRB/0000445/6.06.08/58/16.5.08/20.6.08
040 _adpl
_bEnglish
082 _a621.3
100 _aSharma, Snajeev
245 _aBasics of electrical engineering /
_cby Sanjeev Sharma
260 _aNew Delhi
_bI.K. International Publishing House
_c2007(repr.)
270 _aS-25, Green Park Extension, Uphaar Cinema Market,
_bNew Delhi
_e110016
300 _axxxi, 718p.
_c24cm (pbk)
500 _aIncluses index
942 _2ddc
_cEN
_mSHA
_h621.3
999 _c18470
_d18470